| 000 | 00735nam a2200265 a 4500 | ||
|---|---|---|---|
| 001 | nice12345678 | ||
| 003 | IN_TiNIC | ||
| 005 | 20260116013654.0 | ||
| 008 | 050524s1991 newa grp 000 0 eng | ||
| 020 |
_a8185425 _c100 |
||
| 082 | 0 | 0 |
_a306.0954 _bKHU |
| 100 | _aKhubchandani, Lachman M | ||
| 245 | _aLanguage, Culture and Nation-Building, Challenges of Modernisation | ||
| 260 |
_aNew Delhi _bManohar Publisher _c1991 |
||
| 300 | _a125p | ||
| 500 | _aincludes index and biblioraphy | ||
| 505 | 2 | _aBibliography | |
| 650 | _aCulture-India | ||
| 650 | _aIndia-Liguistic Plurality Culture | ||
| 650 | _aLanguages-India | ||
| 700 | 1 | _aKhubchandani, Lachman M | |
| 902 | _bSRS | ||
| 942 | _cBK | ||
| 999 |
_c11901 _d11901 |
||